000 00477nam a2200193 a 4500
001 1766296075677
003 YourLibrary
005 20251221111916.0
008 251221s2000##################000#0#eng##
020 _a9780262550369
082 0 4 _a616.86
_bELS
100 1 _aElster, Jon,
_eauthor.
245 1 0 _aStrong Feelings :
260 _bMIT Press,
_c2000.
300 _a267 pages
650 0 _aPsychology.
942 _cENGLISH
040 _aYourLibrary
_beng
_cYourLibrary
999 _c603336
_d603336